[Event "SVK-ch U16"]
[Site "Tatralandia"]
[Date "2024.04.12"]
[Round "9"]
[White "Earle, Dominic James"]
[Black "Oruzinsky, Juraj"]
[Result "0-1"]
[WhiteElo "1849"]
[BlackElo "2118"]
[PlyCount "100"]
[EventDate "2024.04.05"]
[EventType "swiss"]
[EventRounds "9"]
[EventCountry "SVK"]
[SourceTitle "CB16_2024"]
[SourceDate "2024.04.17"]
[SourceVersion "1"]
[SourceVersionDate "2024.04.17"]
[SourceQuality "1"]

1. d4 Nf6 2. Bf4 g6 3. Nf3 Bg7 4. e3 d6 5. Bd3 0-0 6. Nbd2 b6 7. Qe2 c5 8. c3 Nc6 9. 0-0 Bb7 10. e4 Nh5 11. Be3 e5 12. dxc5 dxc5 13. Ba6 Qc8 14. Bxb7 Qxb7 15. Rad1 Rad8 16. Bg5 Nf4 17. Qc4 Rd7 18. Nb3 h6 19. Bxf4 exf4 20. Qb5 Rfd8 21. Rxd7 Qxd7 22. a4 Ne5 23. Nxe5 Bxe5 24. Qxd7 Rxd7 25. f3 c4 26. Na1 Rd2 27. Rf2 Rd1+ 28. Rf1 Rd3 29. Nc2 Bd6 30. h4 Bc5+ 31. Kh2 Rd2 32. Rc1 Bf2 33. Kh3 h5 34. a5 Bc5 35. axb6 axb6 36. Kh2 Be3 37. Nxe3 fxe3 38. Re1 e2 39. Kg3 Rxb2 40. Kf2 Rc2 41. Rxe2 Rxc3 42. Ke1 Rb3 43. Ra2 Kg7 44. Ra4 b5 45. Ra6 Rb2 46. g4 c3 47. Kd1 hxg4 48. fxg4 b4 49. Rc6 Rd2+ 50. Kc1 Rd4 0-1

[Event "SVK-ch U16"]
[Site "Tatralandia"]
[Date "2024.04.10"]
[Round "7"]
[White "Durana, Jonas"]
[Black "Oruzinsky, Juraj"]
[Result "1-0"]
[WhiteElo "2007"]
[BlackElo "2118"]
[PlyCount "49"]
[EventDate "2024.04.05"]
[EventType "swiss"]
[EventRounds "9"]
[EventCountry "SVK"]
[SourceTitle "CB16_2024"]
[SourceDate "2024.04.17"]
[SourceVersion "1"]
[SourceVersionDate "2024.04.17"]
[SourceQuality "1"]

1. e4 c5 2. Nf3 g6 3. c4 Nc6 4. d4 cxd4 5. Nxd4 Bg7 6. Be3 Nf6 7. f3 d6 8. Nc3 0-0 9. Be2 Nd7 10. Qd2 Nc5 11. 0-0-0 Be6 12. h4 Qa5 13. Kb1 Rfc8 14. h5 g5 15. h6 Be5 16. Rh5 f6 17. Nxe6 Nxe6 18. Qd5 Kf7 19. f4 Bxc3 20. bxc3 gxf4 21. Bg4 Qxd5 22. cxd5 fxe3 23. Bxe6+ Kg6 24. Rh3 f5 25. Bxc8 1-0

[Event "SVK-ch U16"]
[Site "Tatralandia"]
[Date "2024.04.09"]
[Round "6"]
[White "Oruzinsky, Juraj"]
[Black "Buzalka, Martin"]
[Result "1-0"]
[WhiteElo "2118"]
[BlackElo "1819"]
[PlyCount "62"]
[EventDate "2024.04.05"]
[EventType "swiss"]
[EventRounds "9"]
[EventCountry "SVK"]
[SourceTitle "CB16_2024"]
[SourceDate "2024.04.17"]
[SourceVersion "1"]
[SourceVersionDate "2024.04.17"]
[SourceQuality "1"]

1. e4 d5 2. exd5 Qxd5 3. Nc3 Qd8 4. d4 Nf6 5. Bf4 e6 6. Nf3 a6 7. Bd3 Nc6 8. 0-0 Bd6 9. Bg5 h6 10. Bd2 0-0 11. Ne4 Be7 12. c3 b6 13. Qe2 Ne8 14. Rfe1 Bb7 15. Rad1 Qc8 16. Ne5 f5 17. Ng3 Nd8 18. Ng6 Bd6 19. Nxf8 Kxf8 20. Bxf5 Nf6 21. Bxe6 Nxe6 22. Qxe6 Qxe6 23. Rxe6 Bd5 24. Ree1 Bxg3 25. hxg3 Bxa2 26. Ra1 Bc4 27. Ra3 a5 28. b3 Bd3 29. f3 Ne8 30. Bf4 Rd8 31. Be5 Rxd4 1-0

[Event "SVK-ch U16"]
[Site "Tatralandia"]
[Date "2024.04.07"]
[Round "3"]
[White "Hasala, Richard"]
[Black "Oruzinsky, Juraj"]
[Result "0-1"]
[WhiteElo "1851"]
[BlackElo "2118"]
[PlyCount "78"]
[EventDate "2024.04.05"]
[EventType "swiss"]
[EventRounds "9"]
[EventCountry "SVK"]
[SourceTitle "CB16_2024"]
[SourceDate "2024.04.17"]
[SourceVersion "1"]
[SourceVersionDate "2024.04.17"]
[SourceQuality "1"]

1. c4 c6 2. Nc3 d5 3. cxd5 cxd5 4. d4 Nf6 5. g3 Nc6 6. Bg2 Bf5 7. Nf3 e6 8. a3 a6 9. 0-0 Ne4 10. Nh4 Nxc3 11. bxc3 Bg6 12. Nxg6 hxg6 13. e4 dxe4 14. Bxe4 Be7 15. Rb1 Qd7 16. Qf3 Rc8 17. a4 0-0 18. Re1 b5 19. h4 bxa4 20. h5 gxh5 21. Qxh5 f5 22. Bf3 Nd8 23. Bd2 Qe8 24. Qxe8 Rxe8 25. Rb6 a3 26. Reb1 Nf7 27. Rxa6 Nd6 28. Be1 Ne4 29. Bxe4 fxe4 30. Kf1 Ra8 31. Rxa8 Rxa8 32. Ke2 Kf7 33. Kd1 Kf6 34. Ke2 Kf5 35. c4 Ra4 36. Rc1 Bf6 37. c5 Bxd4 38. c6 a2 39. c7 Ra8 0-1

[Event "SVK-ch U16"]
[Site "Tatralandia"]
[Date "2024.04.07"]
[Round "4"]
[White "Oruzinsky, Juraj"]
[Black "Smetana, Peter"]
[Result "1-0"]
[WhiteElo "2118"]
[BlackElo "1949"]
[PlyCount "57"]
[EventDate "2024.04.05"]
[EventType "swiss"]
[EventRounds "9"]
[EventCountry "SVK"]
[SourceTitle "CB16_2024"]
[SourceDate "2024.04.17"]
[SourceVersion "1"]
[SourceVersionDate "2024.04.17"]
[SourceQuality "1"]

1. e4 e6 2. d3 d5 3. Nd2 c5 4. Ngf3 Nc6 5. g3 Nf6 6. Bg2 Qc7 7. 0-0 Be7 8. Re1 h6 9. c3 b6 10. Nf1 Ba6 11. Bf4 Qb7 12. exd5 Nxd5 13. Ne5 Rc8 14. Qg4 h5 15. Qe2 Nd8 16. Qe4 Nxf4 17. Qxf4 Qb8 18. Qa4+ b5 19. Qxa6 Bd6 20. Nc6 Nxc6 21. Bxc6+ Kf8 22. Qb7 Qxb7 23. Bxb7 Rb8 24. Bf3 h4 25. Ne3 hxg3 26. hxg3 g5 27. a4 bxa4 28. Rxa4 Rxb2 29. Nc4 1-0

[Event "Modra Slovakia op"]
[Site "Modra"]
[Date "2024.03.04"]
[Round "6"]
[White "Oruzinsky, Juraj"]
[Black "Mruskovic, Radoslav"]
[Result "1/2-1/2"]
[WhiteElo "2160"]
[BlackElo "1933"]
[PlyCount "75"]
[EventDate "2024.03.01"]
[EventType "swiss"]
[EventRounds "9"]
[EventCountry "SVK"]
[SourceTitle "CB11_2024"]
[SourceDate "2024.03.13"]
[SourceVersion "1"]
[SourceVersionDate "2024.03.13"]
[SourceQuality "1"]

1. e4 d6 2. d4 Nf6 3. Bd3 c6 4. Nf3 Bg4 5. h3 Bh5 6. 0-0 Qb6 7. c3 Nbd7 8. Nbd2 e5 9. Nc4 Qc7 10. a4 d5 11. exd5 e4 12. d6 Bxd6 13. Re1 0-0-0 14. Nxd6+ Qxd6 15. Bxe4 Rhe8 16. Bd3 Bxf3 17. gxf3 Rxe1+ 18. Qxe1 Re8 19. Qf1 Qd5 20. f4 Qf3 21. Be3 Nd5 22. Bf5 Nxe3 23. fxe3 Qxe3+ 24. Qf2 g6 25. Qxe3 Rxe3 26. Kf2 Re7 27. Bxd7+ Kxd7 28. Rd1 b5 29. Ra1 a6 30. axb5 axb5 31. Kf3 Kd6 32. b3 Kd5 33. Ra8 Rd7 34. Ra5 Re7 35. Ra8 Rd7 36. Rh8 b4 37. cxb4 Kxd4 38. Rc8 1/2-1/2

[Event "Modra Slovakia op"]
[Site "Modra"]
[Date "2024.03.02"]
[Round "3"]
[White "Petrik, Matus"]
[Black "Oruzinsky, Juraj"]
[Result "0-1"]
[WhiteElo "1812"]
[BlackElo "2160"]
[PlyCount "88"]
[EventDate "2024.03.01"]
[EventType "swiss"]
[EventRounds "9"]
[EventCountry "SVK"]
[SourceTitle "CB11_2024"]
[SourceDate "2024.03.13"]
[SourceVersion "1"]
[SourceVersionDate "2024.03.13"]
[SourceQuality "1"]

1. c4 Nf6 2. Nc3 g6 3. g3 Bg7 4. Bg2 0-0 5. Nf3 d6 6. 0-0 Nbd7 7. d4 c5 8. Qc2 cxd4 9. Nxd4 Nc5 10. Rd1 Bd7 11. b3 Qc8 12. Bb2 Bh3 13. Nd5 Nxd5 14. Bxd5 a6 15. Rac1 Rb8 16. Qd2 Nd7 17. Qe3 Ne5 18. Rc2 Qc7 19. Rdc1 Nc6 20. Qd2 Qb6 21. Nxc6 bxc6 22. Bxg7 Kxg7 23. c5 dxc5 24. Bf3 Rbd8 25. Qe3 Rd6 26. Rxc5 Rfd8 27. Qc3+ Kg8 28. e3 Rd3 29. Qa1 Rd2 30. Rxc6 Qa5 31. R6c5 Qxa2 32. Qxa2 Rxa2 33. R5c2 Ra3 34. Rb2 Rb8 35. Bd5 Kg7 36. f4 a5 37. Kf2 e6 38. Bc4 Ra4 39. Rd2 Rab4 40. Kf3 h5 41. Rd7 a4 42. bxa4 Rxa4 43. Bb5 Rxb5 44. Rcc7 Bg4+ 0-1

[Event "Piestany op-B"]
[Site "Piestany"]
[Date "2023.07.16"]
[Round "6"]
[White "Koloditsova, Renata"]
[Black "Oruzinsky, Juraj"]
[Result "0-1"]
[WhiteElo "1946"]
[BlackElo "1975"]
[PlyCount "138"]
[EventDate "2023.07.11"]
[EventType "swiss"]
[EventRounds "9"]
[EventCountry "SVK"]
[SourceTitle "EXT 2024"]
[Source "ChessBase"]
[SourceDate "2023.10.10"]
[SourceVersion "1"]
[SourceVersionDate "2023.10.10"]
[SourceQuality "1"]

1. d4 d5 2. c4 c6 3. cxd5 cxd5 4. Nc3 Nf6 5. Bf4 Nc6 6. e3 Bf5 7. Nf3 e6 8. Qb3 Bb4 9. Bb5 0-0 10. Bxc6 Bxc3+ 11. Qxc3 Rc8 12. Ne5 Ne4 13. Qa3 bxc6 14. 0-0 f6 15. Nf3 Bg4 16. Rfc1 Bxf3 17. gxf3 Nd2 18. Kg2 e5 19. Bg3 e4 20. fxe4 Qe8 21. Qd3 Nxe4 22. Rc2 Qh5 23. Qe2 Qg6 24. f3 Ng5 25. h4 Ne6 26. Kf2 Rfe8 27. Qd2 f5 28. Be5 f4 29. exf4 Rf8 30. Rg1 Qf5 31. Rcc1 Rf7 32. Kg3 Nf8 33. Rh1 Qh5 34. b4 Ng6 35. b5 Ne7 36. bxc6 Qg6+ 37. Kf2 Rxc6 38. Rxc6 Qxc6 39. Rb1 Qh6 40. Rb8+ Rf8 41. Rxf8+ Kxf8 42. Qb4 Qxh4+ 43. Kg2 Kf7 44. Qb7 Qh5 45. Qc7 Qg6+ 46. Kf2 Qb6 47. Qd7 a6 48. Bxg7 Qe6 49. Qxe6+ Kxe6 50. Be5 Kf5 51. Kg2 Nc6 52. Kg3 Nb4 53. a4 Nd3 54. Bd6 Nb2 55. a5 Nd3 56. Be5 Nc1 57. Bc7 Ne2+ 58. Kf2 Nxd4 59. Ke3 Ne6 60. Bd6 h5 61. Be7 d4+ 62. Kd3 Kxf4 63. Kc4 Kxf3 64. Kd5 d3 65. Bb4 Nd8 66. Kc5 h4 67. Kb6 h3 68. Kxa6 Nc6 69. Kb7 Nxb4 0-1

[Event "Piestany op-B"]
[Site "Piestany"]
[Date "2023.07.13"]
[Round "3"]
[White "Oruzinsky, Juraj"]
[Black "Holicky, Miroslav"]
[Result "1-0"]
[WhiteElo "1975"]
[BlackElo "1751"]
[PlyCount "63"]
[EventDate "2023.07.11"]
[EventType "swiss"]
[EventRounds "9"]
[EventCountry "SVK"]
[SourceTitle "EXT 2024"]
[Source "ChessBase"]
[SourceDate "2023.10.10"]
[SourceVersion "1"]
[SourceVersionDate "2023.10.10"]
[SourceQuality "1"]

1. e4 c5 2. c3 e6 3. d4 cxd4 4. cxd4 a6 5. d5 Nf6 6. dxe6 fxe6 7. Bd3 Bb4+ 8. Nc3 0-0 9. Nf3 d5 10. e5 Ne4 11. 0-0 Bxc3 12. bxc3 Nc6 13. Qc2 b5 14. Bxe4 dxe4 15. Qxe4 Bb7 16. Ng5 g6 17. Nxe6 Na5 18. Qd4 Qxd4 19. cxd4 Rf5 20. Nc5 Bd5 21. a4 Nb3 22. Nxb3 Bxb3 23. axb5 Bc4 24. Rd1 Raf8 25. Bh6 R8f7 26. bxa6 Bd5 27. a7 Ba8 28. f4 g5 29. Bxg5 Rg7 30. g3 h6 31. Bxh6 Rb7 32. Rdb1 1-0

[Event "SVK-chB op"]
[Site "Bratislava"]
[Date "2023.07.03"]
[Round "3"]
[White "Oruzinsky, Juraj"]
[Black "Bango, Lukas"]
[Result "1-0"]
[WhiteElo "1975"]
[BlackElo "2198"]
[PlyCount "115"]
[EventDate "2023.07.01"]
[EventType "swiss"]
[EventRounds "9"]
[EventCountry "SVK"]
[SourceTitle "CBM 215 Extra"]
[Source "ChessBase"]
[SourceDate "2023.09.30"]
[SourceVersion "1"]
[SourceVersionDate "2023.09.30"]
[SourceQuality "1"]

1. e4 c5 2. c3 Nf6 3. e5 Nd5 4. Nf3 e6 5. d4 cxd4 6. cxd4 Be7 7. Nc3 d6 8. Bd3 Nc6 9. 0-0 Nxc3 10. bxc3 dxe5 11. dxe5 0-0 12. Qe2 g6 13. Bh6 Re8 14. h4 Qa5 15. h5 Bd8 16. Rfe1 Qc7 17. Nd4 Nxd4 18. cxd4 Qe7 19. Rab1 Qh4 20. Rb3 Bd7 21. Be4 Bc6 22. Qf3 Bxe4 23. Rxe4 Qe7 24. Rg4 Rc8 25. Rxb7 Rc7 26. Rb8 Qd7 27. hxg6 fxg6 28. Qa8 Qc6 29. Qxc6 Rxc6 30. Bg5 h5 31. Re4 Bxg5 32. Rxe8+ Kg7 33. f4 Bh4 34. Re3 Rc1+ 35. Kh2 Bf2 36. Rd3 Kf7 37. Rb8 g5 38. fxg5 Kg7 39. Rb7+ Kg6 40. Rxa7 h4 41. Re7 Kxg5 42. Rg7+ Kh5 43. Rg8 Bg1+ 44. Kh3 Bf2 45. g4+ hxg3 46. d5 exd5 47. e6 Re1 48. Rxd5+ Kh6 49. Rd6 Kh7 50. Rg4 Re2 51. Rd7+ Kh6 52. e7 Be1 53. Rg8 g2 54. Rxg2 Re3+ 55. Kg4 Bb4 56. Kf5 Bxe7 57. Rxe7 Rxe7 58. Kf6 1-0

[Event "SVK-ch U16"]
[Site "Dudince"]
[Date "2023.04.22"]
[Round "8"]
[White "Kulich, Daniel"]
[Black "Oruzinsky, Juraj"]
[Result "1/2-1/2"]
[WhiteElo "1920"]
[BlackElo "1862"]
[PlyCount "47"]
[EventDate "2023.04.16"]
[EventType "swiss"]
[EventRounds "9"]
[EventCountry "SVK"]
[SourceTitle "CBM 213 Extra"]
[Source "ChessBase"]
[SourceDate "2023.05.31"]
[SourceVersion "1"]
[SourceVersionDate "2023.05.31"]
[SourceQuality "1"]

1. d4 d5 2. Nf3 Nf6 3. Bf4 c6 4. e3 Bf5 5. Nbd2 e6 6. Ne5 Nbd7 7. c3 Nxe5 8. Bxe5 Bd6 9. Nf3 0-0 10. Bd3 Ne4 11. 0-0 Bg4 12. Bxd6 Qxd6 13. Qc2 Bxf3 14. gxf3 Ng5 15. f4 Nf3+ 16. Kh1 f5 17. Qe2 Nh4 18. Qh5 Qe7 19. Rg1 Ng6 20. Rg3 Rf6 21. Rh3 Nf8 22. Rg1 Rg6 23. Rxg6 hxg6 24. Qg5 1/2-1/2

[Event "SVK-ch U16"]
[Site "Dudince"]
[Date "2023.04.19"]
[Round "5"]
[White "Oruzinsky, Juraj"]
[Black "Bulej, Matej"]
[Result "1-0"]
[WhiteElo "1862"]
[BlackElo "2007"]
[PlyCount "79"]
[EventDate "2023.04.16"]
[EventType "swiss"]
[EventRounds "9"]
[EventCountry "SVK"]
[SourceTitle "CBM 213 Extra"]
[Source "ChessBase"]
[SourceDate "2023.05.31"]
[SourceVersion "1"]
[SourceVersionDate "2023.05.31"]
[SourceQuality "1"]

1. e4 c6 2. Ne2 d5 3. e5 c5 4. d4 e6 5. c3 Nc6 6. Nd2 Nh6 7. Nf3 Nf5 8. Ng3 Nxg3 9. hxg3 Qb6 10. a3 Bd7 11. b4 cxd4 12. cxd4 Rc8 13. Rb1 Ne7 14. Bd3 Bb5 15. Qe2 Bc4 16. 0-0 Nf5 17. Bxc4 Rxc4 18. Be3 Be7 19. Nd2 Rc3 20. Rfc1 Rxc1+ 21. Rxc1 0-0 22. Nb3 f6 23. Nc5 Rc8 24. g4 Nxe3 25. Qxe3 Bxc5 26. dxc5 Qd8 27. b5 b6 28. c6 Rc7 29. Re1 Kf7 30. Qf4 a6 31. exf6 gxf6 32. a4 axb5 33. axb5 Ra7 34. g5 f5 35. Qh4 Qh8 36. g6+ Kxg6 37. Rxe6+ Kf7 38. Re1 Ra1 39. Qh5+ Kf8 40. Qe8+ 1-0

[Event "SVK-ch U14"]
[Site "Stara Lubovna"]
[Date "2022.05.28"]
[Round "9"]
[White "Oruzinsky, Juraj"]
[Black "Gollner, Martin"]
[Result "0-1"]
[WhiteElo "1656"]
[BlackElo "1585"]
[PlyCount "66"]
[EventDate "2022.05.21"]
[EventType "swiss"]
[EventRounds "9"]
[EventCountry "SVK"]
[SourceTitle "CBM 208 Extra"]
[Source "ChessBase"]
[SourceDate "2022.07.31"]
[SourceVersion "1"]
[SourceVersionDate "2022.07.31"]
[SourceQuality "1"]

1. e4 c5 2. Nf3 e6 3. d4 cxd4 4. Nxd4 Nc6 5. Nxc6 bxc6 6. Bd3 d5 7. 0-0 Nf6 8. Nc3 Be7 9. Bf4 0-0 10. Qf3 Nd7 11. exd5 cxd5 12. Rfe1 Bf6 13. Qg3 e5 14. Qh3 g6 15. Bh6 Bg7 16. Bxg7 Kxg7 17. Nxd5 Nf6 18. Qf3 Qxd5 19. Qxd5 Nxd5 20. Be4 Be6 21. c4 Nb4 22. Bxa8 Rxa8 23. Rxe5 Nd3 24. Rb5 Bxc4 25. Rb7 a5 26. b3 Be6 27. Rd1 Nb4 28. Rd2 Rc8 29. f3 Rc5 30. Kf2 Bf5 31. g4 Be6 32. Re2 Bd5 33. Rd2 Bxb7 0-1

[Event "SVK-ch U14"]
[Site "Stara Lubovna"]
[Date "2022.05.27"]
[Round "8"]
[White "Smetana, Peter"]
[Black "Oruzinsky, Juraj"]
[Result "0-1"]
[WhiteElo "1740"]
[BlackElo "1656"]
[PlyCount "62"]
[EventDate "2022.05.21"]
[EventType "swiss"]
[EventRounds "9"]
[EventCountry "SVK"]
[SourceTitle "CBM 208 Extra"]
[Source "ChessBase"]
[SourceDate "2022.07.31"]
[SourceVersion "1"]
[SourceVersionDate "2022.07.31"]
[SourceQuality "1"]

1. e4 e5 2. Nf3 Nc6 3. Nc3 Nf6 4. d4 exd4 5. Nxd4 Bb4 6. Nxc6 bxc6 7. Bd3 d5 8. Bd2 0-0 9. 0-0 Bxc3 10. Bxc3 Nxe4 11. Bxe4 dxe4 12. Qxd8 Rxd8 13. Be5 Be6 14. Bxc7 Rd2 15. Rac1 Rd7 16. Ba5 Rb8 17. Bc3 Rbd8 18. h3 Rd5 19. Rfe1 Bf5 20. Kf1 Bg6 21. Ke2 f5 22. Ke3 Bh5 23. h4 Kf7 24. Kf4 h6 25. Re3 g5+ 26. hxg5 hxg5+ 27. Kxg5 Rg8+ 28. Kh4 Rxg2 29. Be1 Bf3 30. c4 Rd6 31. Rxf3 Rh6# 0-1

[Event "SVK-chT4 A21 2122"]
[Site "Slovakia"]
[Date "2022.05.01"]
[Round "5.4"]
[White "Oruzinsky, Juraj"]
[Black "Pripko, Bystrik"]
[Result "1-0"]
[WhiteElo "1656"]
[BlackElo "1556"]
[PlyCount "111"]
[EventDate "2021.10.17"]
[EventType "team-tourn"]
[EventRounds "11"]
[EventCountry "SVK"]
[SourceTitle "EXT 2024"]
[Source "ChessBase"]
[SourceDate "2023.10.10"]
[SourceVersion "1"]
[SourceVersionDate "2023.10.10"]
[SourceQuality "1"]
[WhiteTeam "Vrbove II"]
[BlackTeam "Chtelnica Kamenar"]
[WhiteTeamCountry "SVK"]
[BlackTeamCountry "SVK"]

1. e4 e5 2. Nf3 Nc6 3. Bc4 Bc5 4. c3 h6 5. 0-0 a6 6. d4 exd4 7. cxd4 Bb6 8. Nc3 d6 9. d5 Ne5 10. Nxe5 dxe5 11. Kh1 Nf6 12. f4 exf4 13. Bxf4 0-0 14. e5 Bg4 15. Qe1 Nh7 16. e6 fxe6 17. dxe6 Qe7 18. Nd5 Qc5 19. Nxb6 cxb6 20. e7+ Qxc4 21. exf8N Rxf8 22. Bg3 Nf6 23. Be5 Qc6 24. Rc1 Qe6 25. Bxf6 Rxf6 26. Qxe6+ Rxe6 27. Kg1 Re7 28. h3 Bh5 29. Rc8+ Kh7 30. Rf2 Bf7 31. g3 Bd5 32. Rd8 Bc6 33. Rfd2 b5 34. Kf2 Rf7+ 35. Ke3 Re7+ 36. Kf4 Rf7+ 37. Ke5 Rf1 38. R8d4 Rf7 39. Ke6 Rf6+ 40. Ke7 Rf5 41. g4 Re5+ 42. Kd6 Re3 43. h4 Re8 44. Kc5 Re5+ 45. Kb6 Re6 46. Rd6 Re4 47. g5 h5 48. R6d4 Re7 49. Rf4 Re6 50. Rd8 Bg2+ 51. Kc5 Rc6+ 52. Kb4 Re6 53. Rfd4 Bc6 54. Ka5 Re2 55. R4d6 Rxb2 56. g6+ 1-0

[Event "SVK-chT3A2 2122"]
[Site "Slovakia"]
[Date "2022.03.20"]
[Round "11.8"]
[White "Oruzinsky, Juraj"]
[Black "Segeda, Milos"]
[Result "1-0"]
[WhiteElo "1500"]
[BlackElo "1255"]
[PlyCount "49"]
[EventDate "2021.10.10"]
[EventType "team-tourn"]
[EventRounds "11"]
[EventCountry "SVK"]
[SourceTitle "EXT 2024"]
[Source "ChessBase"]
[SourceDate "2023.10.10"]
[SourceVersion "1"]
[SourceVersionDate "2023.10.10"]
[SourceQuality "1"]
[WhiteTeam "Vrbove"]
[BlackTeam "Modranka Komplet"]
[WhiteTeamCountry "SVK"]
[BlackTeamCountry "SVK"]

1. e4 e5 2. Nf3 d6 3. Bc4 Bg4 4. Nc3 c6 5. 0-0 Be7 6. d4 Bf6 7. dxe5 Bxe5 8. Bxf7+ Kf8 9. h3 Bxf3 10. Qxf3 Nf6 11. Bb3 Nbd7 12. Bg5 Qc7 13. Rad1 h6 14. Bh4 g5 15. Bg3 Kg7 16. Qe3 a6 17. f4 Bxc3 18. Qxc3 g4 19. hxg4 h5 20. g5 h4 21. Bh2 Kg6 22. f5+ Kxg5 23. Bf4+ Kh5 24. Qf3+ Ng4 25. Bf7# 1-0

[Event "SVK-chT3A2 2122"]
[Site "Slovakia"]
[Date "2022.01.30"]
[Round "8.8"]
[White "Krakovsky, Matej"]
[Black "Oruzinsky, Juraj"]
[Result "0-1"]
[WhiteElo "1079"]
[BlackElo "1500"]
[PlyCount "72"]
[EventDate "2021.10.10"]
[EventType "team-tourn"]
[EventRounds "11"]
[EventCountry "SVK"]
[SourceTitle "EXT 2023"]
[Source "ChessBase"]
[SourceDate "2022.10.05"]
[SourceVersion "1"]
[SourceVersionDate "2022.10.05"]
[SourceQuality "1"]
[WhiteTeam "Skalica"]
[BlackTeam "Vrbove"]
[WhiteTeamCountry "SVK"]
[BlackTeamCountry "SVK"]

1. d4 d5 2. Bf4 Nf6 3. e3 Bf5 4. Nf3 e6 5. c3 Bd6 6. Bg3 Nbd7 7. Bd3 Bg6 8. Qc2 Ne4 9. Nh4 Ndf6 10. Nd2 Nxd2 11. Qxd2 a6 12. Nxg6 hxg6 13. 0-0-0 b5 14. Rhe1 Kf8 15. e4 dxe4 16. Bxe4 Nxe4 17. Rxe4 a5 18. d5 Bxg3 19. hxg3 Qxd5 20. Qxd5 exd5 21. Rxd5 Rh1+ 22. Kc2 Rf1 23. Rf4 c6 24. Rd7 f6 25. Rc7 Re8 26. Kd2 Rd8+ 27. Ke2 Rb1 28. b3 Rb2+ 29. Ke3 Rxa2 30. Rxc6 Rb2 31. b4 g5 32. Re4 Rdd2 33. Rd4 Rxd4 34. cxd4 Rxb4 35. d5 Ke7 36. d6+ Kd7 0-1

[Event "SVK-chT3A2 2122"]
[Site "Slovakia"]
[Date "2021.11.21"]
[Round "4.6"]
[White "Visvader, Kristof"]
[Black "Oruzinsky, Juraj"]
[Result "1-0"]
[WhiteElo "1475"]
[BlackElo "1500"]
[PlyCount "111"]
[EventDate "2021.10.10"]
[EventType "team-tourn"]
[EventRounds "11"]
[EventCountry "SVK"]
[SourceTitle "EXT 2023"]
[Source "ChessBase"]
[SourceDate "2022.10.05"]
[SourceVersion "1"]
[SourceVersionDate "2022.10.05"]
[SourceQuality "1"]
[WhiteTeam "Senica CVC"]
[BlackTeam "Vrbove"]
[WhiteTeamCountry "SVK"]
[BlackTeamCountry "SVK"]

1. e4 e5 2. Nf3 Nc6 3. Bb5 a6 4. Bxc6 dxc6 5. d4 exd4 6. Qxd4 Qxd4 7. Nxd4 c5 8. Nf3 Bg4 9. Ne5 Bh5 10. f3 f6 11. Nd3 c4 12. Nf4 Bf7 13. Be3 0-0-0 14. Kf2 g5 15. Ne2 Ne7 16. Nbc3 Nc6 17. Rhd1 Bd6 18. Nd4 Ne5 19. a3 h5 20. Rd2 Bc5 21. Rad1 Nd3+ 22. cxd3 Bxd4 23. dxc4 Bxe3+ 24. Kxe3 Bxc4 25. Rxd8+ Rxd8 26. Rxd8+ Kxd8 27. Kd4 Bf1 28. g3 c6 29. f4 Kd7 30. fxg5 fxg5 31. Ke5 h4 32. Kf6 hxg3 33. hxg3 g4 34. e5 Bc4 35. Ne4 b6 36. Nf2 Be6 37. Kg5 c5 38. Nxg4 b5 39. Nf6+ Ke7 40. Kf4 a5 41. Ne4 c4 42. g4 b4 43. axb4 axb4 44. g5 Kf7 45. Ke3 Kg6 46. Kd4 Kf5 47. Nd6+ Kxg5 48. Nxc4 Kf4 49. Na5 Kf3 50. Nc6 b3 51. Nd8 Bf5 52. e6 Kf4 53. e7 Bd7 54. Nf7 Kf3 55. Nd6 Ke2 56. Kc3 1-0

[Event "SVK-chT3A2 2122"]
[Site "Slovakia"]
[Date "2021.10.10"]
[Round "1.8"]
[White "Fitak, Denis"]
[Black "Oruzinsky, Juraj"]
[Result "1-0"]
[WhiteElo "1000"]
[BlackElo "1500"]
[PlyCount "145"]
[EventDate "2021.10.10"]
[EventType "team-tourn"]
[EventRounds "11"]
[EventCountry "SVK"]
[SourceTitle "EXT 2023"]
[Source "ChessBase"]
[SourceDate "2022.10.05"]
[SourceVersion "1"]
[SourceVersionDate "2022.10.05"]
[SourceQuality "1"]
[WhiteTeam "Gbely Nafta"]
[BlackTeam "Vrbove"]
[WhiteTeamCountry "SVK"]
[BlackTeamCountry "SVK"]

1. c4 e5 2. Nc3 Nf6 3. d3 Nc6 4. Nf3 Bc5 5. g3 0-0 6. Bg2 d6 7. 0-0 Be6 8. e3 Bb4 9. Bd2 Qd7 10. Ng5 Bf5 11. e4 Bg4 12. Bf3 Bc5 13. Nd5 Bxf3 14. Nxf6+ gxf6 15. Nxf3 Qh3 16. Bc3 Qg4 17. d4 exd4 18. Bxd4 Nxd4 19. Nxd4 Qxe4 20. Nb5 Rac8 21. Rc1 a6 22. Nc3 Qxc4 23. Nd5 Qd4 24. Qxd4 Bxd4 25. Ne7+ Kh8 26. Nxc8 Rxc8 27. b3 Kg7 28. Rfe1 b5 29. Re4 Bb6 30. a4 f5 31. Rf4 Kg6 32. Rc3 b4 33. Rcf3 a5 34. Rxf5 Rf8 35. Rf6+ Kg7 36. R6f4 f6 37. Kg2 c5 38. h3 Bd8 39. Rd3 Be7 40. Kf3 Rd8 41. Rf5 Kf7 42. g4 Rc8 43. Rf4 h6 44. h4 Kg6 45. Re3 Rc7 46. Rd3 Rc8 47. Kg3 Rc7 48. h5+ Kg7 49. Rd5 Kf7 50. Rd3 Rc6 51. Kf3 Rc7 52. Ke3 Rc8 53. Rc4 Ke6 54. Re4+ Kf7 55. Rd5 Rb8 56. Kd3 Rg8 57. Kc4 Rb8 58. Rf5 Rd8 59. Rd5 Rb8 60. f3 Rb6 61. Rf5 Rb7 62. f4 Kg7 63. Kd5 Rc7 64. Kc4 Rd7 65. g5 hxg5 66. fxg5 fxg5 67. Re6 d5+ 68. Rxd5 Rxd5 69. Kxd5 Bf6 70. Kxc5 g4 71. Re4 Kh6 72. Rxg4 Kxh5 73. Rg8 1-0

[Event "EU-ch Online U12"]
[Site "Tornelo INT"]
[Date "2020.09.18"]
[Round "2"]
[White "Magold, Filip"]
[Black "Oruzinsky, Juraj"]
[Result "1-0"]
[WhiteElo "1767"]
[BlackElo "1391"]
[PlyCount "101"]
[EventDate "2020.09.18"]
[EventType "swiss (rapid)"]
[EventRounds "9"]
[EventCountry "NET"]
[SourceTitle "EXT 2023"]
[Source "ChessBase"]
[SourceDate "2022.10.05"]
[SourceVersion "1"]
[SourceVersionDate "2022.10.05"]
[SourceQuality "1"]
[WhiteTeam "Romania"]
[BlackTeam "Slovakia"]
[WhiteTeamCountry "ROU"]
[BlackTeamCountry "SVK"]

1. e4 e5 2. Nf3 Nc6 3. Bb5 Bc5 4. 0-0 d6 5. Nc3 Nf6 6. d3 h6 7. h3 0-0 8. Be3 Bb6 9. a3 a6 10. Bc4 Be6 11. Bxe6 fxe6 12. Bxb6 cxb6 13. d4 exd4 14. Nxd4 e5 15. Nf5 Ne8 16. Qd5+ Kh8 17. f4 Ne7 18. Nxe7 Qxe7 19. fxe5 Nc7 20. Qxd6 Qxd6 21. exd6 Ne6 22. Nd5 Rad8 23. e5 b5 24. Nc7 Nd4 25. e6 Rxf1+ 26. Rxf1 Nxe6 27. Nxe6 Rxd6 28. Nc5 Rc6 29. b4 a5 30. Nxb7 axb4 31. axb4 Rxc2 32. Rf5 g5 33. Rxb5 Kg7 34. Nd6 Kf6 35. Ne4+ Kg6 36. Rb6+ Kg7 37. b5 Rc4 38. Ng3 Rc5 39. Rb7+ Kg6 40. b6 h5 41. Rb8 Rc3 42. b7 h4 43. Rg8+ Kh7 44. b8Q Rc1+ 45. Kh2 hxg3+ 46. Kxg3 g4 47. Rh8+ Kg7 48. Qe5+ Kf7 49. Rh7+ Kg6 50. Rg7+ Kh6 51. Qg5# 1-0